00703cam a22002174a 4500008004100000020002200041245007700063250001200140260005300152300003800205650002400243650003500267650004100302650003400343650003500377650002800412700001800440003000100458005001700459040000900476  a1903812119 (pbk.)10aAdvanced life support skills /ceditorial board Jerry Nolan ... [et al]. a5th ed. aLondon :bPearson/Resuscitation Council,cc2006. aiv, 172 p. :bcol. ill. ;c30 cm. 0aEmergency medicine. 0aEmergency medical technicians. 0aLife support systems (Critical care)12aEmergency Treatmentxmethods.22aEmergency Medical Technicians.22aResuscitationxmethods.1 aNolan, Jerry.20230120204200.0 cNUST